<?xml version="1.0" encoding="UTF-8"?>
<collection xmlns:xsi="http://www.w3.org/2001/XMLSchema-instance" xsi:schemaLocation="http://www.loc.gov/MARC21/slim http://www.loc.gov/standards/marcxml/schema/MARC21slim.xsd" xmlns="http://www.loc.gov/MARC21/slim">
 <record>
  <leader>00000ctm a22000003a 4500</leader>
  <controlfield tag="001">UP-8027390931312556438</controlfield>
  <controlfield tag="003">Buklod</controlfield>
  <controlfield tag="005">20211013140433.0</controlfield>
  <controlfield tag="006">o--- |     ||   ||</controlfield>
  <controlfield tag="007">ta</controlfield>
  <controlfield tag="008">211013s2019    xx     d     r    |||| u|</controlfield>
  <datafield tag="035" ind1=" " ind2=" ">
   <subfield code="a">(iLib)UPCEB-00012249434</subfield>
  </datafield>
  <datafield tag="040" ind1=" " ind2=" ">
   <subfield code="a">UPC</subfield>
  </datafield>
  <datafield tag="041" ind1=" " ind2=" ">
   <subfield code="a">eng</subfield>
  </datafield>
  <datafield tag="090" ind1=" " ind2="0">
   <subfield code="a">LG 993.5 2019 M38</subfield>
   <subfield code="b">G66</subfield>
  </datafield>
  <datafield tag="100" ind1="1" ind2=" ">
   <subfield code="a">Gomez, Elyssa Jane V.</subfield>
   <subfield code="e">author</subfield>
  </datafield>
  <datafield tag="245" ind1="0" ind2="0">
   <subfield code="a">Qualitative analysis of a Prey-Predator System with Holling Type II functional response and prey refuge</subfield>
   <subfield code="c">Elyssa Jane V. Gomez ;  Dr. Lorna S. Almocera, adviser.</subfield>
  </datafield>
  <datafield tag="264" ind1=" " ind2="1">
   <subfield code="a">Cebu City</subfield>
   <subfield code="b">College of Science, University of the Philippines Cebu</subfield>
   <subfield code="c">2019.</subfield>
  </datafield>
  <datafield tag="300" ind1=" " ind2=" ">
   <subfield code="a">vii, 44 leaves</subfield>
  </datafield>
  <datafield tag="502" ind1=" " ind2=" ">
   <subfield code="a">Thesis (Bachelor of Science in Mathematics)--University of the Philippines Cebu. June 2019.</subfield>
  </datafield>
  <datafield tag="520" ind1=" " ind2=" ">
   <subfield code="a">This is an expository of a research entitled &quot;Stability analysis of prey-predator system with Holling type functional response and prey refuge&quot;. In this study, we consider the prey-predator system with Holling Type II functional response and prey refuge given by  { ẋ(t) = x (1 − x)(A + x) − xy     ẏ(t) = B(x − C(A + x))y  where parameters A, B, and C are defined as A = 1/Kλh(1−β) &gt; 0, B = c/hr &gt; 0, C = dh/c &gt; 0. Here, x(t) and y(t) are the density of prey and predator populations at time t, respectively, and they are all positive numbers. The parameters have the following biological meanings: r is the intrinsic per capita growth rate of prey population; K is the prey environmental carrying capacity; c is the efficiency with which predators convert consumed prey into new predators; d is the per capita death rate of predators; h is the handling time of predators; λ is the attack efficiency of predator to prey population; and β measures the degree or strength of prey refuge. The function f(x) denotes a generalized functional response and represents the amount of prey killed per unit time by an individual predator.  In this study, we are going to identify the equilibrium points and determine the stability of the equilibrium points of this system, as well as its corresponding biological meaning.</subfield>
  </datafield>
  <datafield tag="700" ind1="1" ind2=" ">
   <subfield code="a">Almocera, Lorna S.</subfield>
   <subfield code="e">adviser.</subfield>
  </datafield>
  <datafield tag="856" ind1=" " ind2=" ">
   <subfield code="u">https://drive.google.com/file/d/1EzJVXC11pHQt93W5YDXdtPSV6LnTeXrN/view?usp=sharing</subfield>
  </datafield>
  <datafield tag="905" ind1=" " ind2=" ">
   <subfield code="a">UP</subfield>
  </datafield>
  <datafield tag="852" ind1="0" ind2=" ">
   <subfield code="a">UPCEB</subfield>
   <subfield code="b">CEBU-LAHUG</subfield>
   <subfield code="h">LG 993.5 2019 M38 G66</subfield>
  </datafield>
  <datafield tag="942" ind1=" " ind2=" ">
   <subfield code="a">Thesis</subfield>
  </datafield>
 </record>
</collection>
